| 000 | 00883 a2200193 4500 | ||
|---|---|---|---|
| 003 | Nust | ||
| 005 | 20221207191440.0 | ||
| 010 | _a 75035697 | ||
| 020 | _a0879098376 : | ||
| 040 | _cNust | ||
| 082 | 0 | 0 | _a621.38153,ZIE |
| 100 | 1 |
_aZeines, Ben, _9103413 |
|
| 245 | 1 | 0 |
_aTransistor circuit analysis and application / _cBen Zeines. |
| 260 |
_aReston, Va. : _bReston Pub. Co., _cc1976. |
||
| 300 |
_ax, 374 p. : _bill. ; _c24 cm. |
||
| 505 | _aSemiconductor Diodes (Page-1), Introduction To Transistors (Page-27), Small Signal Amplifiers(Page-75), Transistorized Voltage Amplifiers (Page-95), Rectifiers And Filters (Page-153), Power Amplifiers (Page-189), Feedback Amplifiers And Oscillators(Page-217), Sinusoidal Oscillators (Page-240), Modulation (Page-268), Demodulators (Page-294), Recover Circuits (Page-321). | ||
| 650 | 0 | _aTelecommunication Engineering | |
| 942 |
_2ddc _cBK |
||
| 999 |
_c182376 _d182376 |
||